UITU Library & LRC     

Introducation to wireless and mobile systems (Record no. 12365)

MARC details
000 -LEADER
fixed length control field 00501nam a2200181Ia 4500
008 - FIXED-LENGTH DATA ELEMENTS--GENERAL INFORMATION
fixed length control field 240925s9999 xx 000 0 und d
020 ## - INTERNATIONAL STANDARD BOOK NUMBER
International Standard Book Number 9788131516706
082 ## - DEWEY DECIMAL CLASSIFICATION NUMBER
Classification number 621.382 PAR
100 ## - MAIN ENTRY--PERSONAL NAME
Personal name Dharma Prakesh Agrawal
245 #0 - TITLE STATEMENT
Title Introducation to wireless and mobile systems
250 ## - EDITION STATEMENT
Edition statement 3rd
260 ## - PUBLICATION, DISTRIBUTION, ETC.
Place of publication, distribution, etc. Australia:
Name of publisher, distributor, etc. CENGAGE Learning
Date of publication, distribution, etc. ,2011.
300 ## - PHYSICAL DESCRIPTION
Extent xxivp.
Other physical details N.A
Type of unit Original
500 ## - GENERAL NOTE
General note Includes Index
600 ## - SUBJECT ADDED ENTRY--PERSONAL NAME
Personal name Telecommunication Engineering
650 ## - SUBJECT ADDED ENTRY--TOPICAL TERM
Topical term or geographic name entry element Technology
942 ## - ADDED ENTRY ELEMENTS (KOHA)
Koha item type Books
Holdings
Withdrawn status Lost status Damaged status Not for loan Collection Home library Current library Date acquired Source of acquisition Cost, normal purchase price Total checkouts Full call number Barcode Date last seen Date last checked out Price effective from Koha item type
        Electrical Engineering UITU Library UITU Library 03/05/2014 Paramount Book Pvt Ltd 656.00 1 621.382 PAR Q9866 10/29/2025 10/29/2025 09/25/2024 Books

Powered by Koha